[Event "CrunchLab Masters Div 3 W"]
[Site "Chess.com INT"]
[Date "2024.07.19"]
[Round "1.1"]
[White "Dragun, Kamil"]
[Black "Dubov, Daniil"]
[Result "0-1"]
[WhiteElo "2528"]
[BlackElo "2701"]
[PlyCount "104"]
[EventDate "2024.07.19"]
[EventType "k.o. (rapid)"]
[EventRounds "6"]
[EventCountry "USA"]
[SourceTitle "CBM 221 Extra"]
[Source "ChessBase"]
[SourceDate "2024.09.30"]
[SourceVersion "1"]
[SourceVersionDate "2024.09.30"]
[SourceQuality "1"]

1. e4 e5 2. Nf3 Nc6 3. Bc4 Nf6 4. d3 Be7 5. Nc3 0-0 6. a4 d6 7. 0-0 Be6 8. Bxe6 fxe6 9. Ne2 a5 10. c3 d5 11. Ng3 h6 12. Re1 Nd7 13. Be3 Kh8 14. h3 Qe8 15. d4 Qf7 16. Qb3 exd4 17. Nxd4 Nxd4 18. Bxd4 Bc5 19. Re2 b6 20. Rae1 Bxd4 21. cxd4 Nf6 22. Qc2 dxe4 23. Nxe4 Nd5 24. g3 Rad8 25. Nc3 Nb4 26. Qe4 Rd6 27. Nb5 Rd5 28. Qxe6 Qxe6 29. Rxe6 c6 30. Nd6 Nd3 31. R1e3 Nxf2 32. Kg2 Nd1 33. Re2 Rxd4 34. g4 Rb4 35. Nf5 Rxb2 36. Rxb2 Nxb2 37. Rxc6 Nxa4 38. Rc7 Rg8 39. Rb7 Ra8 40. Nxg7 Nc5 41. Re7 a4 42. Ne8 Kg8 43. Nf6+ Kf8 44. Rh7 Ra5 45. h4 a3 46. g5 hxg5 47. hxg5 Ne6 48. Nd7+ Ke8 49. Nf6+ Kd8 50. Rd7+ Kc8 51. Rd1 Rxg5+ 52. Kh2 Ra5 0-1

[Event "Crunchlab PlayIn Match D2"]
[Site "Chess.com INT"]
[Date "2024.07.18"]
[Round "1.1"]
[White "Le, Tuan Minh"]
[Black "Dragun, Kamil"]
[Result "1-0"]
[WhiteElo "2568"]
[BlackElo "2528"]
[PlyCount "61"]
[EventDate "2024.07.18"]
[EventType "k.o. (rapid)"]
[EventRounds "2"]
[EventCountry "USA"]
[SourceTitle "CBM 221 Extra"]
[Source "ChessBase"]
[SourceDate "2024.09.30"]
[SourceVersion "1"]
[SourceVersionDate "2024.09.30"]
[SourceQuality "1"]

1. d4 d5 2. Nf3 Nf6 3. Bg5 Ne4 4. Bf4 c5 5. c3 Nc6 6. e3 Qb6 7. Qb3 c4 8. Qxb6 axb6 9. Nbd2 Bf5 10. Nxe4 Bxe4 11. Nd2 Bg6 12. e4 e6 13. Be2 f6 14. 0-0 Be7 15. Rfe1 0-0 16. exd5 exd5 17. Bg4 f5 18. Bf3 Bf7 19. Nxc4 dxc4 20. d5 Nd4 21. cxd4 Bb4 22. Rec1 b5 23. a3 Ba5 24. d6 Bb6 25. Bxb7 Ra7 26. Bc6 Bxd4 27. Rab1 Ra5 28. Rd1 Bf6 29. d7 Bd8 30. Bd6 Ra6 31. Bxb5 1-0

[Event "CrunchLab Masters PlayIn"]
[Site "Chess.com INT"]
[Date "2024.07.17"]
[Round "8"]
[White "Dragun, Kamil"]
[Black "Dominguez Perez, Leinier"]
[Result "1-0"]
[WhiteElo "2528"]
[BlackElo "2748"]
[PlyCount "75"]
[EventDate "2024.07.17"]
[EventType "swiss (rapid)"]
[EventRounds "9"]
[EventCountry "USA"]
[SourceTitle "CBM 221 Extra"]
[Source "ChessBase"]
[SourceDate "2024.09.30"]
[SourceVersion "1"]
[SourceVersionDate "2024.09.30"]
[SourceQuality "1"]

1. e4 c5 2. Nf3 d6 3. d4 cxd4 4. Nxd4 Nf6 5. Nc3 a6 6. Be2 e5 7. Nb3 Be6 8. 0-0 Nbd7 9. Be3 Rc8 10. Qd2 Be7 11. a4 Nb6 12. a5 Nc4 13. Bxc4 Rxc4 14. f3 d5 15. exd5 Nxd5 16. Nxd5 Qxd5 17. Qxd5 Bxd5 18. Rfd1 Be6 19. c3 f6 20. Nd2 Rc6 21. Ne4 Kf7 22. b4 Rc4 23. Bc5 Bf5 24. Bxe7 Bxe4 25. Bxf6 gxf6 26. fxe4 Ke6 27. Rd3 Rhc8 28. Rad1 R8c6 29. Rd7 b6 30. b5 axb5 31. a6 Rxe4 32. Rxh7 Ra4 33. a7 Rxc3 34. Rb7 Rc6 35. h4 Kf5 36. h5 Rc2 37. h6 Kg6 38. h7 1-0

[Event "CrunchLab Masters PlayIn"]
[Site "Chess.com INT"]
[Date "2024.07.17"]
[Round "1"]
[White "Kamsky, Gata"]
[Black "Dragun, Kamil"]
[Result "1-0"]
[WhiteElo "2615"]
[BlackElo "2528"]
[PlyCount "65"]
[EventDate "2024.07.17"]
[EventType "swiss (rapid)"]
[EventRounds "9"]
[EventCountry "USA"]
[SourceTitle "CBM 221 Extra"]
[Source "ChessBase"]
[SourceDate "2024.09.30"]
[SourceVersion "1"]
[SourceVersionDate "2024.09.30"]
[SourceQuality "1"]

1. d4 d5 2. Bf4 c5 3. e3 Nf6 4. c3 e6 5. Nd2 Bd6 6. Bb5+ Nc6 7. Bg3 0-0 8. Ngf3 Ne7 9. Bd3 c4 10. Bc2 Nf5 11. e4 dxe4 12. Nxe4 Nxe4 13. Bxe4 Nxg3 14. hxg3 f5 15. Bc2 b5 16. Qe2 Qf6 17. a4 b4 18. Qxc4 Bb7 19. 0-0 Rac8 20. Qd3 Bd5 21. Rfe1 b3 22. Bd1 Qh6 23. Ne5 f4 24. g4 f3 25. Bxf3 Rxf3 26. Nxf3 Rf8 27. Ne5 Qh4 28. Qg3 Qg5 29. Qe3 Rf4 30. f3 Qh6 31. c4 Bxe5 32. Qxe5 Bxc4 33. Rac1 1-0

[Event "CrunchLab Masters PlayIn"]
[Site "Chess.com INT"]
[Date "2024.07.17"]
[Round "7"]
[White "Ponomariov, Ruslan"]
[Black "Dragun, Kamil"]
[Result "0-1"]
[WhiteElo "2654"]
[BlackElo "2528"]
[PlyCount "78"]
[EventDate "2024.07.17"]
[EventType "swiss (rapid)"]
[EventRounds "9"]
[EventCountry "USA"]
[SourceTitle "CBM 221 Extra"]
[Source "ChessBase"]
[SourceDate "2024.09.30"]
[SourceVersion "1"]
[SourceVersionDate "2024.09.30"]
[SourceQuality "1"]

1. d4 Nf6 2. c4 g6 3. Nc3 Bg7 4. e4 d6 5. Be2 0-0 6. Be3 e5 7. d5 a5 8. h4 h5 9. Nf3 Ng4 10. Bg5 Bf6 11. Bd2 c6 12. Nh2 Nxh2 13. Rxh2 Bg7 14. g4 hxg4 15. Bxg4 f5 16. Bf3 Na6 17. Qe2 Nb4 18. 0-0-0 cxd5 19. cxd5 b6 20. Bg5 Qe8 21. a3 Ba6 22. Qe3 Rc8 23. Kb1 Rf7 24. axb4 axb4 25. Na2 Qa4 26. b3 Qa3 27. Rc1 Ra8 28. Rc2 f4 29. Qd2 Qxb3+ 30. Kc1 Qxf3 31. Nxb4 Qxe4 32. Qc3 Rc8 33. f3 Qf5 34. Nc6 e4 35. Qa3 Bd3 36. Qxd6 Bxc2 37. Rxc2 exf3 38. Qe6 f2 39. Qxf5 f1Q+ 0-1

[Event "Austin Spring GM"]
[Site "Austin"]
[Date "2024.05.24"]
[Round "1"]
[White "Amburgy, Ryan"]
[Black "Dragun, Kamil"]
[Result "1/2-1/2"]
[WhiteElo "2245"]
[BlackElo "2541"]
[PlyCount "73"]
[EventDate "2024.05.24"]
[EventType "tourn"]
[EventRounds "9"]
[EventCountry "USA"]
[EventCategory "6"]
[SourceTitle "CBM 220 Extra"]
[Source "ChessBase"]
[SourceDate "2024.07.31"]
[SourceVersion "1"]
[SourceVersionDate "2024.07.31"]
[SourceQuality "1"]

1. d4 Nf6 2. c4 g6 3. Nc3 Bg7 4. e4 d6 5. Nf3 0-0 6. Be2 e5 7. Be3 Ng4 8. Bg5 f6 9. Bh4 Nc6 10. d5 Ne7 11. Nd2 f5 12. Bxg4 fxg4 13. Bg5 h6 14. Be3 c5 15. dxc6 bxc6 16. b4 d5 17. cxd5 cxd5 18. Bc5 d4 19. Qb3+ Kh7 20. Ne2 Rf6 21. Nc4 Nc6 22. 0-0 Be6 23. Qd3 Rf7 24. Rac1 h5 25. a3 h4 26. b5 Na5 27. Nxa5 Qxa5 28. Bb4 Qa4 29. Rc5 Rb8 30. f4 Bd7 31. Qc4 Rff8 32. Rc7 Bxb5 33. Rxg7+ Kxg7 34. Qc7+ Kg8 35. Bxf8 Rxf8 36. Qd6 Bxe2 37. Qxg6+ 1/2-1/2

[Event "Speed Chess Poland"]
[Site "Chess.com INT"]
[Date "2024.01.26"]
[Round "2.4"]
[White "Dragun, Kamil"]
[Black "Duda, Jan Krzysztof"]
[Result "1-0"]
[WhiteElo "2553"]
[BlackElo "2732"]
[PlyCount "67"]
[EventDate "2024.01.19"]
[EventType "k.o. (blitz)"]
[EventRounds "4"]
[EventCountry "POL"]
[SourceTitle "CBM 218 Extra"]
[Source "ChessBase"]
[SourceDate "2024.03.31"]
[SourceVersion "1"]
[SourceVersionDate "2024.03.31"]
[SourceQuality "1"]

1. d4 Nf6 2. c4 g6 3. Nc3 Bg7 4. e4 d6 5. Nf3 0-0 6. Be2 e5 7. 0-0 h6 8. dxe5 dxe5 9. Be3 Nc6 10. Qc1 Nd4 11. Bxh6 Nxe4 12. Bxg7 Kxg7 13. Re1 Nxc3 14. Qxc3 Qf6 15. Nxd4 exd4 16. Qg3 c6 17. Bd3 Bf5 18. Bxf5 Qxf5 19. Re5 Qf6 20. Rae1 Rad8 21. Qd3 b6 22. g3 c5 23. f4 Qc6 24. h4 Rfe8 25. h5 Rxe5 26. Rxe5 Re8 27. Qe2 Rh8 28. Rg5 Qd6 29. hxg6 fxg6 30. Rd5 Qc7 31. Qe6 Rd8 32. Rg5 Qf7 33. Qe5+ Kh6 34. Rg4 1-0

[Event "Speed Chess Poland"]
[Site "Chess.com INT"]
[Date "2024.01.26"]
[Round "2.8"]
[White "Dragun, Kamil"]
[Black "Duda, Jan Krzysztof"]
[Result "1/2-1/2"]
[WhiteElo "2553"]
[BlackElo "2732"]
[PlyCount "78"]
[EventDate "2024.01.19"]
[EventType "k.o. (blitz)"]
[EventRounds "4"]
[EventCountry "POL"]
[SourceTitle "CBM 218 Extra"]
[Source "ChessBase"]
[SourceDate "2024.03.31"]
[SourceVersion "1"]
[SourceVersionDate "2024.03.31"]
[SourceQuality "1"]

1. d4 d5 2. c4 e6 3. Nc3 Nf6 4. cxd5 exd5 5. Bg5 Bb4 6. e3 h6 7. Bxf6 Qxf6 8. Qb3 Qd6 9. a3 Bxc3+ 10. Qxc3 0-0 11. Rc1 c6 12. Bd3 Qf6 13. Nf3 Bf5 14. Ne5 Nd7 15. Nxd7 Bxd7 16. 0-0 Bf5 17. b4 Bxd3 18. Qxd3 a6 19. a4 Rfe8 20. Rc5 h5 21. b5 axb5 22. axb5 Re6 23. bxc6 bxc6 24. Qc3 h4 25. h3 g6 26. Ra1 Rxa1+ 27. Qxa1 Kg7 28. Ra5 Qf5 29. Ra8 Rf6 30. f3 Qd3 31. Qa3 Qxa3 32. Rxa3 Re6 33. Kf2 g5 34. Ra7 Kg6 35. Rc7 f5 36. Rc8 Kg7 37. Rc7+ Kg6 38. Rc8 Kg7 39. Rc7+ Kg6 1/2-1/2

[Event "Speed Chess Poland"]
[Site "Chess.com INT"]
[Date "2024.01.26"]
[Round "2.20"]
[White "Dragun, Kamil"]
[Black "Duda, Jan Krzysztof"]
[Result "0-1"]
[WhiteElo "2553"]
[BlackElo "2732"]
[PlyCount "124"]
[EventDate "2024.01.19"]
[EventType "k.o. (blitz)"]
[EventRounds "4"]
[EventCountry "POL"]
[SourceTitle "CBM 218 Extra"]
[Source "ChessBase"]
[SourceDate "2024.03.31"]
[SourceVersion "1"]
[SourceVersionDate "2024.03.31"]
[SourceQuality "1"]

1. d4 Nf6 2. c4 e6 3. Nc3 Bb4 4. e3 c5 5. Nge2 d5 6. a3 Ba5 7. cxd5 Nxd5 8. dxc5 Bxc3+ 9. Nxc3 Nxc3 10. Qxd8+ Kxd8 11. bxc3 Nd7 12. e4 Nxc5 13. f3 Bd7 14. Be3 Rc8 15. Rb1 b6 16. Kf2 Ke7 17. Bd4 f6 18. e5 f5 19. Rg1 Rhf8 20. Be2 Rc7 21. Ke3 Ba4 22. Rb4 f4+ 23. Kf2 Bc2 24. g3 fxg3+ 25. Kxg3 Nd3 26. Bxd3 Bxd3 27. f4 Kf7 28. Kf3 Bc4 29. Ke3 h6 30. Rb2 Kg8 31. Rb4 Kh7 32. Rb2 Rf5 33. Rf2 b5 34. Rg3 a6 35. Rg4 Bd5 36. Rg3 Rc4 37. Rf1 Ra4 38. Rfg1 Rf7 39. Ra1 Rc4 40. Rgg1 Rf5 41. Rg3 Rh5 42. h3 Rf5 43. Rgg1 Rf7 44. Rg3 Rfc7 45. Kd2 Ra4 46. Rgg1 Be4 47. Rg3 Bf5 48. h4 a5 49. Rgg1 Rac4 50. Ke3 b4 51. axb4 axb4 52. Ra7 bxc3 53. Rxc7 Rxc7 54. Rc1 c2 55. Kd2 Kg6 56. Be3 Kh5 57. Bd4 Kxh4 58. Ke3 Kg3 59. Rg1+ Kh2 60. Rc1 Kg2 61. Bb6 Rc3+ 62. Ke2 Rg3 0-1

[Event "Speed Chess Poland"]
[Site "Chess.com INT"]
[Date "2024.01.26"]
[Round "2.22"]
[White "Dragun, Kamil"]
[Black "Duda, Jan Krzysztof"]
[Result "0-1"]
[WhiteElo "2553"]
[BlackElo "2732"]
[PlyCount "72"]
[EventDate "2024.01.19"]
[EventType "k.o. (blitz)"]
[EventRounds "4"]
[EventCountry "POL"]
[SourceTitle "CBM 218 Extra"]
[Source "ChessBase"]
[SourceDate "2024.03.31"]
[SourceVersion "1"]
[SourceVersionDate "2024.03.31"]
[SourceQuality "1"]

1. d4 Nf6 2. c4 g6 3. Nc3 Bg7 4. e4 d6 5. Be2 0-0 6. Nf3 e5 7. 0-0 h6 8. dxe5 dxe5 9. Be3 Nc6 10. h3 Be6 11. Qc1 Nd4 12. Rd1 c5 13. Bxh6 Nxe4 14. Nxd4 Nxc3 15. bxc3 cxd4 16. Bxg7 Kxg7 17. cxd4 exd4 18. Qb2 Qb6 19. Qxd4+ Qxd4 20. Rxd4 Rac8 21. Rad1 b6 22. f4 Rc5 23. g4 Rfc8 24. Kg2 Bxc4 25. Bxc4 Rxc4 26. Kg3 Rc3+ 27. R1d3 b5 28. g5 b4 29. Kg4 a5 30. h4 Rxd3 31. Rxd3 Rc2 32. a3 Rc3 33. Rd7 Rxa3 34. h5 gxh5+ 35. Kf5 Rc3 36. g6 Rc5+ 0-1

[Event "Speed Chess Poland"]
[Site "Chess.com INT"]
[Date "2024.01.26"]
[Round "2.3"]
[White "Duda, Jan Krzysztof"]
[Black "Dragun, Kamil"]
[Result "1/2-1/2"]
[WhiteElo "2732"]
[BlackElo "2553"]
[PlyCount "83"]
[EventDate "2024.01.19"]
[EventType "k.o. (blitz)"]
[EventRounds "4"]
[EventCountry "POL"]
[SourceTitle "CBM 218 Extra"]
[Source "ChessBase"]
[SourceDate "2024.03.31"]
[SourceVersion "1"]
[SourceVersionDate "2024.03.31"]
[SourceQuality "1"]

1. e4 e5 2. Nf3 Nc6 3. Bb5 a6 4. Ba4 Nf6 5. 0-0 d6 6. Bxc6+ bxc6 7. Re1 Bg4 8. h3 Bxf3 9. Qxf3 Nd7 10. c3 c5 11. Qd1 g6 12. d4 Bg7 13. dxe5 Nxe5 14. Nd2 0-0 15. Nf3 Nxf3+ 16. Qxf3 a5 17. Bf4 Re8 18. Re2 a4 19. Rae1 Rb8 20. a3 Qd7 21. Qd3 Qc6 22. Qc4 Re6 23. e5 d5 24. Qd3 Rbe8 25. Bg3 c4 26. Qc2 f6 27. exf6 Rxe2 28. Rxe2 Rxe2 29. Qxe2 Bxf6 30. Qe3 Kf7 31. Qh6 Kg8 32. Qf4 Kg7 33. Kf1 g5 34. Qf5 h6 35. Be5 Bxe5 36. Qxe5+ Kg6 37. Qh8 Qb5 38. Qg8+ Kf6 39. Qf8+ Kg6 40. Qg8+ Kf6 41. Qf8+ Kg6 42. Qg8+ 1/2-1/2

[Event "Speed Chess Poland"]
[Site "Chess.com INT"]
[Date "2024.01.26"]
[Round "2.7"]
[White "Duda, Jan Krzysztof"]
[Black "Dragun, Kamil"]
[Result "1-0"]
[WhiteElo "2732"]
[BlackElo "2553"]
[PlyCount "75"]
[EventDate "2024.01.19"]
[EventType "k.o. (blitz)"]
[EventRounds "4"]
[EventCountry "POL"]
[SourceTitle "CBM 218 Extra"]
[Source "ChessBase"]
[SourceDate "2024.03.31"]
[SourceVersion "1"]
[SourceVersionDate "2024.03.31"]
[SourceQuality "1"]

1. Nf3 d5 2. c4 c6 3. g3 Nf6 4. Bg2 e6 5. b3 Be7 6. Bb2 0-0 7. 0-0 a5 8. Nc3 Nbd7 9. d3 b6 10. Qc2 Bb7 11. e4 Rc8 12. e5 Ne8 13. Rfe1 b5 14. h4 b4 15. Ne2 c5 16. a4 Nc7 17. Nf4 f5 18. exf6 Bxf6 19. Bxf6 Qxf6 20. Ng5 Rce8 21. d4 g6 22. dxc5 h6 23. cxd5 exd5 24. Nxg6 hxg5 25. hxg5 Qc3 26. Qxc3 bxc3 27. Nxf8 Kxf8 28. Rec1 d4 29. c6 Nc5 30. cxb7 Nxb3 31. Rab1 Nxc1 32. Rxc1 Na6 33. Bc6 Rb8 34. Kf1 Nb4 35. Be4 d3 36. Rxc3 d2 37. Ke2 Re8 38. Rc8 1-0

[Event "Speed Chess Poland"]
[Site "Chess.com INT"]
[Date "2024.01.25"]
[Round "2.2"]
[White "Duda, Jan Krzysztof"]
[Black "Dragun, Kamil"]
[Result "1-0"]
[WhiteElo "2732"]
[BlackElo "2553"]
[PlyCount "195"]
[EventDate "2024.01.19"]
[EventType "k.o. (blitz)"]
[EventRounds "4"]
[EventCountry "POL"]
[SourceTitle "CBM 218 Extra"]
[Source "ChessBase"]
[SourceDate "2024.03.31"]
[SourceVersion "1"]
[SourceVersionDate "2024.03.31"]
[SourceQuality "1"]

1. e4 e5 2. Nf3 Nc6 3. Bb5 a6 4. Ba4 Nf6 5. 0-0 d6 6. Bxc6+ bxc6 7. d4 exd4 8. Qxd4 Bg4 9. e5 dxe5 10. Qxe5+ Be7 11. Nbd2 0-0 12. h3 Bd6 13. Qc3 Bd7 14. Nc4 Nd5 15. Qd4 Be7 16. Nce5 Be8 17. c4 f6 18. cxd5 fxe5 19. Qxe5 cxd5 20. Bg5 Bf6 21. Bxf6 Rxf6 22. Rac1 c6 23. Rfe1 Qd6 24. Nd4 Bd7 25. Qxd6 Rxd6 26. Rc5 Rb8 27. b3 Rb4 28. Rd1 Kf7 29. f3 h6 30. Kf2 Ke7 31. a3 Rb8 32. Re1+ Kd8 33. b4 Kc7 34. Re7 g5 35. g4 Re8 36. Rxe8 Bxe8 37. Ke3 Kb6 38. Nb3 Re6+ 39. Kd2 Rf6 40. Rc3 Bd7 41. Re3 Rf7 42. Nd4 c5 43. bxc5+ Kxc5 44. Kc3 a5 45. Re5 a4 46. Re1 Kd6 47. Kd2 Kc5 48. Kd3 Bb5+ 49. Kc3 Bd7 50. Rb1 Re7 51. Kd3 Be8 52. Rb4 Bg6+ 53. Kd2 Be8 54. Ne2 Bb5 55. Nc3 Bc6 56. Nxa4+ Bxa4 57. Rxa4 d4 58. Ra6 Re3 59. Rxh6 Rxf3 60. a4 Kc4 61. a5 Rf2+ 62. Ke1 Ra2 63. a6 Kd3 64. Re6 Ra1+ 65. Kf2 Kc3 66. Rc6+ Kd2 67. Rc5 Rxa6 68. Rxg5 Ra3 69. h4 d3 70. h5 Kc2 71. Rc5+ Rc3 72. Rxc3+ Kxc3 73. h6 d2 74. h7 d1Q 75. h8Q+ Kc4 76. Qc8+ Kb5 77. Qf5+ Kc4 78. Qe4+ Kc5 79. Qe5+ Kc6 80. g5 Qg4 81. Ke3 Kd7 82. Qg7+ Ke8 83. Qf6 Qg3+ 84. Ke4 Qg4+ 85. Ke5 Qg3+ 86. Kf5 Qd3+ 87. Kf4 Qd2+ 88. Kf3 Qd3+ 89. Kg4 Qe2+ 90. Kg3 Qe3+ 91. Kh4 Qe4+ 92. Kh5 Qh7+ 93. Qh6 Qf7+ 94. Qg6 Kf8 95. Qxf7+ Kxf7 96. Kh6 Kg8 97. Kg6 Kh8 98. Kf7 1-0

[Event "Speed Chess Poland"]
[Site "Chess.com INT"]
[Date "2024.01.23"]
[Round "1.15"]
[White "Dragun, Kamil"]
[Black "Heberla, Bartlomiej"]
[Result "0-1"]
[WhiteElo "2553"]
[BlackElo "2546"]
[PlyCount "108"]
[EventDate "2024.01.19"]
[EventType "k.o. (blitz)"]
[EventRounds "4"]
[EventCountry "POL"]
[SourceTitle "CBM 218 Extra"]
[Source "ChessBase"]
[SourceDate "2024.03.31"]
[SourceVersion "1"]
[SourceVersionDate "2024.03.31"]
[SourceQuality "1"]

1. d4 Nf6 2. c4 d6 3. Nf3 Nbd7 4. g3 e5 5. Nc3 Be7 6. Bg2 0-0 7. 0-0 c6 8. e4 a6 9. h3 b5 10. cxb5 axb5 11. b4 Bb7 12. Qc2 Re8 13. Rd1 Qb8 14. Be3 Bf8 15. a4 bxa4 16. Nxa4 exd4 17. Nxd4 c5 18. bxc5 Nxc5 19. f3 Nxa4 20. Rxa4 d5 21. Bf4 Bd6 22. Rxa8 Bxa8 23. Rb1 Qa7 24. Bxd6 Qxd4+ 25. Kh2 dxe4 26. Bc5 Qe5 27. fxe4 Bxe4 28. Bxe4 Nxe4 29. Bf2 Qf5 30. Re1 h5 31. Kg2 Re6 32. Re3 Qxf2+ 33. Qxf2 Nxf2 34. Kxf2 Rxe3 35. Kxe3 Kh7 36. Kf4 Kg6 37. h4 Kf6 38. Ke4 Ke6 39. Kf4 f6 40. Ke4 g6 41. Kf4 Kd5 42. Kf3 Ke5 43. Ke3 Kd5 44. Kf4 Kd4 45. Kf3 g5 46. hxg5 fxg5 47. Kf2 Ke4 48. Ke2 g4 49. Kf2 Kd3 50. Kf1 Ke3 51. Kg1 Ke2 52. Kg2 Ke3 53. Kg1 Kf3 54. Kh2 Kf2 0-1

[Event "Speed Chess Poland"]
[Site "Chess.com INT"]
[Date "2024.01.23"]
[Round "1.17"]
[White "Dragun, Kamil"]
[Black "Heberla, Bartlomiej"]
[Result "0-1"]
[WhiteElo "2553"]
[BlackElo "2546"]
[PlyCount "104"]
[EventDate "2024.01.19"]
[EventType "k.o. (blitz)"]
[EventRounds "4"]
[EventCountry "POL"]
[SourceTitle "CBM 218 Extra"]
[Source "ChessBase"]
[SourceDate "2024.03.31"]
[SourceVersion "1"]
[SourceVersionDate "2024.03.31"]
[SourceQuality "1"]

1. d4 Nf6 2. c4 c5 3. d5 g6 4. Nf3 Bg7 5. Nc3 0-0 6. e4 d6 7. Be2 e6 8. Be3 Re8 9. Nd2 Na6 10. 0-0 Nc7 11. a4 e5 12. Rb1 Na6 13. Na2 Qa5 14. b4 cxb4 15. Qb3 Nc5 16. Qxb4 Qxb4 17. Nxb4 Ncxe4 18. Nxe4 Nxe4 19. Bd3 Nc5 20. Bxc5 dxc5 21. Nc2 e4 22. Be2 b6 23. a5 bxa5 24. Rb5 Bd7 25. Rxc5 Rec8 26. Rxa5 Bf8 27. Nd4 Bc5 28. Nc6 Bb6 29. Ne7+ Kf8 30. Nxc8 Bxa5 31. Nd6 f5 32. c5 Bb4 33. Rc1 Ke7 34. Nb7 Bc8 35. d6+ Ke6 36. Bc4+ Ke5 37. Rb1 a5 38. c6 Bxb7 39. cxb7 Rb8 40. d7 Be7 41. Ba6 a4 42. Bc4 a3 43. g3 Kd6 44. Rd1+ Kc7 45. Ba6 Bf6 46. Rc1+ Kxd7 47. Bb5+ Kd8 48. Rd1+ Ke7 49. Rd7+ Ke6 50. Rc7 a2 51. Rc6+ Kd5 52. Ra6 a1Q+ 0-1

[Event "Speed Chess Poland"]
[Site "Chess.com INT"]
[Date "2024.01.23"]
[Round "1.21"]
[White "Dragun, Kamil"]
[Black "Heberla, Bartlomiej"]
[Result "1-0"]
[WhiteElo "2553"]
[BlackElo "2546"]
[PlyCount "107"]
[EventDate "2024.01.19"]
[EventType "k.o. (blitz)"]
[EventRounds "4"]
[EventCountry "POL"]
[SourceTitle "CBM 218 Extra"]
[Source "ChessBase"]
[SourceDate "2024.03.31"]
[SourceVersion "1"]
[SourceVersionDate "2024.03.31"]
[SourceQuality "1"]

1. e4 e5 2. Nf3 Nc6 3. Bc4 Nf6 4. d3 Be7 5. 0-0 0-0 6. Nc3 d6 7. a4 Nb4 8. Ne2 c5 9. c3 Nc6 10. Ng3 h6 11. h3 Be6 12. Bxe6 fxe6 13. d4 cxd4 14. cxd4 exd4 15. Nxd4 Nxd4 16. Qxd4 a6 17. Be3 Qd7 18. Rfd1 Rac8 19. Rac1 Rxc1 20. Rxc1 Rc8 21. Rxc8+ Qxc8 22. Qd3 Qc6 23. b3 Nd7 24. Bd4 Bg5 25. Ne2 Bf6 26. g3 Be5 27. Kg2 Nc5 28. Bxc5 Qxc5 29. Ng1 Bd4 30. Qf3 Qc2 31. h4 Bc3 32. Ne2 Bf6 33. Nf4 Kf7 34. e5 dxe5 35. Qxb7+ Kg8 36. Nxe6 e4 37. Qd5 Kh8 38. Qa8+ Kh7 39. Nf8+ Kg8 40. Nd7+ Kf7 41. Qd5+ Ke7 42. Nxf6 Kxf6 43. Qd6+ Kf7 44. Qxa6 Qxb3 45. a5 Qf3+ 46. Kg1 Qd1+ 47. Kh2 Qc2 48. Qb6 Kg8 49. a6 Kh7 50. a7 Qa2 51. Kg2 e3 52. Qxe3 Qd5+ 53. Qf3 Qa2 54. a8Q 1-0

[Event "Speed Chess Poland"]
[Site "Chess.com INT"]
[Date "2024.01.23"]
[Round "1.6"]
[White "Heberla, Bartlomiej"]
[Black "Dragun, Kamil"]
[Result "1/2-1/2"]
[WhiteElo "2546"]
[BlackElo "2553"]
[PlyCount "59"]
[EventDate "2024.01.19"]
[EventType "k.o. (blitz)"]
[EventRounds "4"]
[EventCountry "POL"]
[SourceTitle "CBM 218 Extra"]
[Source "ChessBase"]
[SourceDate "2024.03.31"]
[SourceVersion "1"]
[SourceVersionDate "2024.03.31"]
[SourceQuality "1"]

1. Nf3 d5 2. e3 Nf6 3. c4 c6 4. Nc3 e6 5. b3 Bd6 6. Bb2 0-0 7. Qc2 e5 8. cxd5 cxd5 9. Nb5 Nc6 10. Nxd6 Qxd6 11. d4 Ne4 12. Be2 exd4 13. Nxd4 Nxd4 14. Bxd4 Qb4+ 15. Kf1 Bf5 16. Qb2 Rfc8 17. Bd1 Nc3 18. Qd2 Qb5+ 19. Kg1 Nxd1 20. Qxd1 Rc2 21. h4 Rac8 22. h5 h6 23. Rh4 Qe2 24. Qxe2 Rxe2 25. Rf4 Be6 26. Bxa7 Ra8 27. Bc5 Raxa2 28. Rxa2 Rxa2 29. Ra4 Rxa4 30. bxa4 1/2-1/2

[Event "Speed Chess Poland"]
[Site "Chess.com INT"]
[Date "2024.01.23"]
[Round "1.12"]
[White "Heberla, Bartlomiej"]
[Black "Dragun, Kamil"]
[Result "0-1"]
[WhiteElo "2546"]
[BlackElo "2553"]
[PlyCount "68"]
[EventDate "2024.01.19"]
[EventType "k.o. (blitz)"]
[EventRounds "4"]
[EventCountry "POL"]
[SourceTitle "CBM 218 Extra"]
[Source "ChessBase"]
[SourceDate "2024.03.31"]
[SourceVersion "1"]
[SourceVersionDate "2024.03.31"]
[SourceQuality "1"]

1. e4 c6 2. d4 d5 3. e5 Bf5 4. h4 h5 5. Bd3 Bxd3 6. Qxd3 Qa5+ 7. Nd2 e6 8. Ngf3 Nh6 9. 0-0 Nf5 10. Nb3 Qb5 11. Qd1 c5 12. a4 Qb6 13. dxc5 Bxc5 14. Nxc5 Qxc5 15. c3 Nc6 16. Re1 Rc8 17. Bg5 a6 18. Nd2 Nce7 19. Qf3 Ng6 20. g3 Qc7 21. Qe2 Qc6 22. a5 Qb5 23. Qd1 Qxb2 24. Rb1 Qxc3 25. Rxb7 0-0 26. Rb3 Qd4 27. Qxh5 Nxe5 28. Bf4 Nd3 29. Rxd3 Qxd3 30. Nf3 Nd4 31. Nxd4 Qxd4 32. Be5 Qd2 33. Re3 Rc1+ 34. Kg2 Qd1 0-1